Najludniejsze miasta w Polsce kończące się na -ów - Statystyki

Ogólne statystyki
  • Ten quiz został rozwiązany 50 razy
  • Średni wynik to 5 z 10
Statystyki odpowiedzi
Miejsce Miasto % Poprawnych
1 Kraków
93%
2 Rzeszów
78%
3 Tarnów
67%
4 Chorzów
53%
5 Pruszków
38%
8 Ciechanów
36%
6 Głogów
31%
7 Bełchatów
29%
9 Mikołów
20%
10 Żyrardów
13%
Nie znaleziono quizów pasujących do podanych kryteriów
Rozkład punktacji
Procent ludzi z każdym wynikiem
Percentyl według liczby udzielonych odpowiedzi
Twoja historia wyników
Nie rozwiązałeś tego quizu